ბათუმის შოთა რუსთაველის სახელმწიფო უნივერსიტეტის ბიბლიოთეკა

Месхети.Мусульманизация грузин (ბიბ.ჩანაწერი № 43412)

000 -LEADER
fixed length control field 00628nam a2200217Ia 4500
001 - CONTROL NUMBER
control field 10141
003 - CONTROL NUMBER IDENTIFIER
control field GE_BSU
008 - FIXED-LENGTH DATA ELEMENTS--GENERAL INFORMATION
fixed length control field 181216s||||||||xx |||||||||||||| ||und||
020 ## - INTERNATIONAL STANDARD BOOK NUMBER
International Standard Book Number 9789941123863
040 ## - CATALOGING SOURCE
Transcribing agency GE_BSU
080 ## - UNIVERSAL DECIMAL CLASSIFICATION NUMBER
Universal Decimal Classification number 94(479.22)
100 ## - MAIN ENTRY--PERSONAL NAME
Personal name Джапаридзе,Анания Митрополит
245 ## - TITLE STATEMENT
Title Месхети.Мусульманизация грузин
260 ## - PUBLICATION, DISTRIBUTION, ETC.
Place of publication, distribution, etc. Тбилиси
260 ## - PUBLICATION, DISTRIBUTION, ETC.
Name of publisher, distributor, etc. Универсал
260 ## - PUBLICATION, DISTRIBUTION, ETC.
Date of publication, distribution, etc. 2008
300 ## - PHYSICAL DESCRIPTION
Extent 50стр.20см.
300 ## - PHYSICAL DESCRIPTION
Accompanying material Библиогр.стр.50
653 ## - INDEX TERM--UNCONTROLLED
Uncontrolled term Месхети.Мусульманизация грузин
942 ## - ADDED ENTRY ELEMENTS (KOHA)
Koha item type წიგნი
ეგზემპლარები
Withdrawn status Lost status Damaged status Not for loan Date acquired Barcode Date last seen Price effective from Koha item type
        2018-12-17 18725 2018-12-17 2018-12-17 წიგნი